Measuring and communicating security’s value: a compendium of metrics for enterprise protection (Record no. 32432)

MARC details
000 -LEADER
fixed length control field 00554nam a2200181Ia 4500
020 ## - INTERNATIONAL STANDARD BOOK NUMBER
ISBN 9780128028414
050 ## - CALL MARK
Classification number HD 61.5 .C36/
100 ## - STATEMENT OF RESPONSIBILITY--MAIN AUTHOR NAME
Personal name Campbell, George K.
245 #0 - TITLE STATEMENT
Title Measuring and communicating security’s value: a compendium of metrics for enterprise protection
260 ## - PUBLICATION, DISTRIBUTION, ETC. (IMPRINT)
Place of publication Amsterdam
260 ## - PUBLICATION, DISTRIBUTION, ETC. (IMPRINT)
Name of publisher Elsevier
260 ## - PUBLICATION, DISTRIBUTION, ETC. (IMPRINT)
Year of publication 2015
300 ## - PHYSICAL DESCRIPTION
Number of Pages 202 p
650 ## - SUBJECT ADDED ENTRY--TOPICAL TERM
Topical Term Risk management. Business enterprises--Security measures. Computer security.
942 ## - ADDED ENTRY ELEMENTS (KOHA)
Koha item type Books
Holdings
Withdrawn status Lost status Source of classification or shelving scheme Damaged status Not for loan Permanent Location Current Location Shelving location Date acquired Accession Number Price effective from Koha item type
    Library of Congress Classification     NILE UNIVERSITY OF NIGERIA - MAIN LIBRARY NILE UNIVERSITY OF NIGERIA - MAIN LIBRARY Items on shelf 04/23/2025 0194227 04/23/2025 Books